000 00393nam a2200145 a 4500
001 263
003 CDMR
005 20130306110903.0
008 130130s1991||||||||||||||||||||||||||||d
040 _aCDMR
_bcat
_cCPC LLEIDA
100 1 _aRecasens, Jordi
_9173
245 1 0 _aArbres i arbustos dels parcs de Lleida
_cRECASENS, Jordi: SOPESENS, Javier
260 _aLleida
_c1991
_bPagès
942 _cMON
_2udc
999 _c263
_d263